Gaming Quiz

Random Gaming or Color Quiz

Rocket League colors Quiz Stats

 Plays Quiz not verified by Sporcle

Score 0/13 Timer 04:00
1 Play Today
Hint Answer % Correct
ColorBlack
92.2%
ColorOrange
90.6%
ColourTitanium White
89.2%
ColourPurple
88.7%
ColorPink
87.1%
ColourCrimson
86.9%
ColorForest Green
86.2%
ColourGrey
86.2%
ColorSky Blue
85.5%
ColorLime
85.4%
ColorCobalt
82.2%
ColorSaffron
81%
ColorBurnt Sienna
80.8%

You're not logged in!

Compare scores with friends on all Sporcle quizzes.
OR
Log In

Sporcle TV

Today on Sporcle TV


Watch our educational content, quiz creation guides, and fun videos on Sporcle TV.

Show Comments

Extras

Top Quizzes Today


Score Distribution

Your Account Isn't Verified!

In order to create a playlist on Sporcle, you need to verify the email address you used during registration. Go to your Sporcle Settings to finish the process.

Report this User

Report this user for behavior that violates our Community Guidelines.

Details: